000 00702nam a2200181Ia 4500
008 100920s9999 xx 000 0 und d
082 _b70506
_a200 थ 88
100 _aसंपादक-इनामदार हे. वि., खोले विलास.
245 _aभक्तगिंगेच्या वाटेवर.
260 _bसंजय प्रकाशन, पुणे-4.
_c1988
300 _a204
_bसाधी
365 _b60
520 _aधार्मिक.
630 _aभक्तगिंगेच्या वाटेवर.
650 _aधार्मिक.
730 _aभक्तगिंगेच्या वाटेवर.
942 _cBOOK
999 _c712509
_d712506